000 00274nam a2200109Ia 4500
008 190914s9999||||xx |||||||||||||| ||und||
100 _a Abdul Ghani
245 0 _aLabour and Industrial Jurisprudence
260 _aKarachi
_bBantam Books
_c1991
300 _a226
942 _cBK
999 _c9090
_d9090